000 00802nam a2200217Ia 4500
003 OSt
005 20250908111927.0
008 220922b |||||||| |||| 00| 0 hin d
037 _cTB
040 _aARTS
_cARTS
_bhin
041 _2hin
_ahin
084 _aO152,1H50,11:g J5;M8
_qAL
100 _aसिंह, शिव प्रसाद
_9820161
245 0 _aकीर्तिलता और अवहट्ठ भाषा
246 _aKīrtilatā aur avahaṭṭha bhāṣhā
260 _aदिल्ली
_b वाणी प्रकाशन
_c1988
300 _a378 पृ.
_ccm.
650 _aहिन्दी साहित्य
_9156264
942 _hO152,1H50,11:g J5;M8
_cTB
_2CC
_n0
999 _c331320
_d331320